Organización del pueblo en Armas, ORPA: esto somos (documento)
Shranjeno v:
| Format: | Texto |
|---|---|
| Teme: | |
| Oznake: |
Označite
Brez oznak, prvi označite!
|
MARC
| LEADER | 00000 a a2200000 04500 | ||
|---|---|---|---|
| 001 | 17971 | ||
| 003 | |||
| 040 | |||
| 245 | |a Organización del pueblo en Armas, ORPA: |b esto somos (documento) | ||
| 650 | |a POLITICA | ||
| 650 | |a MILITARISMO | ||
| 650 | |a FUERZAS ARMADAS | ||
| 650 | |a BURGUESIA | ||
| 650 | |a EJERCITO | ||
| 650 | |a CAMPESINADO | ||
| 650 | |a GUATEMALA | ||
| 773 | |g volumen 4, número 36; (1980) páginas 419-420 | ||
| 999 | |c 35082 |d 35082 | ||
| 773 | 0 | |0 42391 |9 3844 |a Agencia Latinoamericana de Información, ALAI |d Quito, Ecuador: ALAI |o 04406 |t ALAI: |x 08275564 (Servicio mensual de información y documentación) | |
